LEADER 01100nam--2200373---450- 001 990003210080203316 005 20090325112423.0 010 $a88-8247-199-3 035 $a000321008 035 $aUSA01000321008 035 $a(ALEPH)000321008USA01 035 $a000321008 100 $a20090325d2007----km-y0itay50------ba 101 $aita 102 $aIT 105 $a||||||||001yy 200 1 $aDa Leone 10. a Clemente 7.$escrittori toscani nella Roma dei papati medicei (1513-1534)$fDanilo Romei 210 $aManziana$cVecchiarelli$d2007 215 $a381 p.$d21 cm 225 2 $aCinquecento$hStudi$v21 410 0$12001$aCinquecento$hStudi$v21 454 1$12001 461 1$1001-------$12001 606 0 $aScrittori toscani$yRoma$z1513-1534$2BNCF 676 $a851.4 700 1$aROMEI,$bDanilo$0170654 801 0$aIT$bsalbc$gISBD 912 $a990003210080203316 951 $aVI.3.B. 3715$b208656 L.M.$cVI.3.$d00187061 959 $aBK 969 $aUMA 979 $aMARTUCCIEL$b90$c20090325$lUSA01$h1124 996 $aDa Leone 10. a Clemente 7$91011980 997 $aUNISA LEADER 00987nam0-22003731i-450- 001 990001486930403321 005 20090114115901.0 010 $a0-387-95241-1 035 $a000148693 035 $aFED01000148693 035 $a(Aleph)000148693FED01 035 $a000148693 100 $a20011025d2001----km-y0itay50------ba 101 0 $aeng 102 $aUS 105 $aa---a---001yy 200 1 $aAlgebraic graph theory$fC. Godsil, G. Royle 210 $aNew York$cSpringer$d2001 215 $axix, 439 p.$d24 cm 225 1 $aGraduate texts in mathematics$v207 610 0 $aTeoria dei grafi 610 0 $aCombinatorica algebrica 676 $a511.5$v21 700 1$aGodsil,$bChris$041834 701 1$aRoyle,$bGordon$066089 801 0$aIT$bUNINA$gRICA$2UNIMARC 901 $aBK 912 $a990001486930403321 952 $aC-12-(207$b18325$fMA1 959 $aMA1 962 $a05CXX 962 $a05EXX 996 $aAlgebraic graph theory$9103386 997 $aUNINA LEADER 03909nam 22007095 450 001 9910300228003321 005 20251116134614.0 010 $a1-4471-5242-5 024 7 $a10.1007/978-1-4471-5242-2 035 $a(CKB)3710000000433374 035 $a(EBL)2093710 035 $a(SSID)ssj0001524794 035 $a(PQKBManifestationID)11909370 035 $a(PQKBTitleCode)TC0001524794 035 $a(PQKBWorkID)11486227 035 $a(PQKB)10251796 035 $a(DE-He213)978-1-4471-5242-2 035 $a(MiAaPQ)EBC2093710 035 $a(PPN)18639425X 035 $a(EXLCZ)993710000000433374 100 $a20150611d2015 u| 0 101 0 $aeng 135 $aur|n|---||||| 181 $ctxt 182 $cc 183 $acr 200 10$aAortic Stenosis $eCase-Based Diagnosis and Therapy /$fedited by Amr E. Abbas 205 $a1st ed. 2015. 210 1$aLondon :$cSpringer London :$cImprint: Springer,$d2015. 215 $a1 online resource (286 p.) 300 $aDescription based upon print version of record. 311 08$a1-4471-5241-7 320 $aIncludes bibliographical references and index. 327 $aLow Ejection Fraction, Low Flow/Low Gradient Severe Aortic Stenosis 330 $aThis book provides a case-based overview of aortic stenosis including pathophysiology, presentation, diagnosis with both invasive, and multimodality noninvasive techniques, and how to approach management options in the multidisciplinary setting. It provides both an assessment of challenging cases that appear to be complex in terms of determining the true severity of aortic stenosis as well as a review of current available treatment options, such as valvuloplasty, transcatheter, and surgical valve replacement techniques. Written by an international team of renowned cardiologists, surgeons and scientists, Aortic Stenosis: Case-Based Diagnosis and Therapy is essential for individuals in the structural heart disease field, including cardiac surgeons, interventional and imaging cardiologists, and cardiology fellows. ·         Represents an essential companion to assist cardiologists in diagnosing patients with aortic stenosis and providing novel therapies ·         Presents case by case examples of different patients with a wide variety of aortic stenoses ·         Provides cutting edge and state of the art multimodality imaging, interventional, and surgical techniques ·         Describes the effective multidisciplinary approach to diagnostically challenging cases as well as risk stratification and therapeutic options. 606 $aCardiology 606 $aInterventional radiology 606 $aRadiology 606 $aMinimally invasive surgery 606 $aCardiology$3https://scigraph.springernature.com/ontologies/product-market-codes/H33037 606 $aInterventional Radiology$3https://scigraph.springernature.com/ontologies/product-market-codes/H29021 606 $aDiagnostic Radiology$3https://scigraph.springernature.com/ontologies/product-market-codes/H29013 606 $aImaging / Radiology$3https://scigraph.springernature.com/ontologies/product-market-codes/H29005 606 $aMinimally Invasive Surgery$3https://scigraph.springernature.com/ontologies/product-market-codes/H59052 615 0$aCardiology. 615 0$aInterventional radiology. 615 0$aRadiology. 615 0$aMinimally invasive surgery. 615 14$aCardiology. 615 24$aInterventional Radiology. 615 24$aDiagnostic Radiology. 615 24$aImaging / Radiology. 615 24$aMinimally Invasive Surgery. 676 $a610 676 $a616.0757 676 $a616.12 676 $a617.05 702 $aAbbas$b Amr E.$4edt$4http://id.loc.gov/vocabulary/relators/edt 906 $aBOOK 912 $a9910300228003321 996 $aAortic Stenosis$91759903 997 $aUNINA